Tranqueras abiertas (entre el campo y el laboratorio) /
Guardado en:
| Autor Principal: | |
|---|---|
| Formato: | Libro |
| Publicado: |
Buenos Aires :
El Ateneo,
1986
|
| Materias: | |
| Etiquetas: |
Agregar Etiqueta
Sin Etiquetas, Sea el primero en etiquetar este registro!
|
| LEADER | 01795nam a22002055a 4500 | ||
|---|---|---|---|
| 001 | CEM.cems018006 | ||
| 005 | 20130509102007.0 | ||
| 008 | 130507s1986##################000#0#####d | ||
| 003 | CEMS | ||
| 020 | |a 9500230496 | ||
| 082 | 0 | 4 | |a 631.4 |
| 100 | 1 | |a Molina, Jorge S. | |
| 245 | 1 | 0 | |a Tranqueras abiertas (entre el campo y el laboratorio) / |c Jorge S. Molina |
| 260 | |a Buenos Aires : |b El Ateneo, |c 1986 | ||
| 300 | |a 256 p. | ||
| 505 | 0 | |a Suelos fértiles igual a producción económica -- Hagalo usted mismo ("do it yourself") -- Qué es un cuello de botella? -- Luces rojas en el tablero de control -- Cómo transformar un suelo salitroso esteril en excelentes pasturas para producir carne y leche -- Suelos agotados y reacondicionamiento -- Cómo evitar la erosión tanto por viento como por agua -- Los suelos ácidos y su manejo -- El problema de los suelos inundados -- Producción de carne en la zona de invernada -- Producción de carne II: manejo de la zona de cría -- La producción lechera, como obtener las leche por héctarea y por vaca -- La Pampa húmeda: carne, leche y granos -- La Pampa semiárida. (producción de trigo y carne mediante silos de agua y silos de pasto) -- Las zonas inundables y su utilización ganadera -- El gran Chaco gualamba, producción de algodón, carne tipo industrial y sorgos -- Agricultura en zonas tropicales y subtropicales -- Cómo cosechar energía en el propio campo -- Aplicación de fertilizantes comerciales -- Aspectos económicos de una explotación agropecuaria -- Cómo saltar el alambrado del subdesarrollo a manera de epílogo -- Un laboratorio de suelos, aguas, forrajes y silos en su propio campo | |
| 653 | |a Suelos | ||
| 653 | |a Suelos-manejo | ||
| 653 | |a Suelos-fertilidad | ||
| 859 | |a CEMS |b BIB. CEMS - Agricultura |h 631.4 |i M733 |p A1861.13 |t Ej.1 | ||
